000 00333nam a2200133Ia 4500
008 191201s2019 xx 000 0 und d
082 _a616 PAH
100 _aPANDA, Uday Nath
245 0 _aHand book for Medical Representative
260 _bAITBS Pub
_aNew Delhi
_c2019
300 _a88
650 _aMiscellaneous
942 _2ddc
_cBK
999 _c8216
_d8216